Nahuatl Words You Probably Know Quiz Stats

 Plays Quiz Updated Oct 12, 2018

Score 0/20 Timer 05:00
4 Plays Today
% Correct
Guacamole
90%
Taco
88.4%
Shack
88.4%
Tequila
88.1%
Cacao
87.1%
Coyote
86.2%
Chili
83.7%
Chocolate
82.2%
Ocelot
81.4%
Avocado
80%
% Correct
Tomato
75.8%
Chipotle
69.4%
Quetzal
64.4%
Axolotl
62.5%
Peyote
61.7%
Mole
58.2%
Mesquite
45.9%
Atlatl
42.8%
Chayote
28.6%
Achiote
24.8%

You're not logged in!

Compare scores with friends on all Sporcle quizzes.
OR
Log In

Sporcle TV

Today on Sporcle TV


Watch our educational content, quiz creation guides, and fun videos on Sporcle TV.

Show Comments

Extras

Top Quizzes Today


Score Distribution

Your Account Isn't Verified!

In order to create a playlist on Sporcle, you need to verify the email address you used during registration. Go to your Sporcle Settings to finish the process.

Report this User

Report this user for behavior that violates our Community Guidelines.

Details: